| 000 | 00783nam a2200265 a 4500 | ||
|---|---|---|---|
| 001 | 38624 | ||
| 003 | BD-RjUL | ||
| 005 | 20211209052830.0 | ||
| 008 | 181003r19671966ne abce b 000 0 eng | ||
| 035 | _a(BD-RjUL)38732 | ||
| 040 |
_aDLC _cDLC _dDLC _dBD-RjUL _beng |
||
| 041 | _aeng | ||
| 082 | 0 | 0 |
_a704.94897 _223 _bGRW 1967 |
| 100 | 1 |
_aGrube, Ernst J. _9223234 |
|
| 245 | 1 | 4 |
_aThe world of Islam / _cErnst J. Grube. |
| 250 | _a1st ed. | ||
| 260 |
_aLondon: _bPaul Hamlyn, _c1966 [Impression1967] |
||
| 300 |
_a176 p. _bill. ; _c29 cm. |
||
| 490 | 0 | _aLandmarks of the world's art | |
| 504 | _aBibliography: p. [171] and index | ||
| 650 | 0 |
_aIslamic art. _9223235 |
|
| 650 | 0 |
_aIslamic architecture. _9223236 |
|
| 830 |
_aLandmarks of the world's art _9223237 |
||
| 942 |
_2ddc _cRAR |
||
| 999 |
_c38624 _d38624 |
||